000 01175nmc a2200409 a 4500
003 AR-BaBNM
005 20251128204405.0
008 316119s1989 ||||||||||||||000 | spa||
020 _a950-9732-98-2
040 _cAR-BaBNM
100 1 _aBertoni, Lilia Ana
245 1 0 _aLos tiempos de Rivadavia
250 _a3ª ed.
260 _aBuenos Aires
_bLibros del Quirquincho
_c1989
300 0 _a61 p.
_bil.
490 0 _aUna historia argentina
_vv. 6
504 _aContiene bibliografía
600 1 4 _aRivadavia, Bernardino
600 1 4 _aDorrego, Manuel
_d1787-1828
650 4 _aGUERRAS CIVILES ARGENTINAS
650 4 _aLIGA DE LAS PROVINCIAS
650 4 _aHISTORIA DE BUENOS AIRES
650 4 _aHISTORIA PROVINCIAL ARGENTINA
650 4 _aFEDERALES
650 4 _aFEDERALISMO ARGENTINO
650 4 _aUNITARIOS
650 4 _aFUSILAMIENTO DE DORREGO
650 4 _aREVOLUCION UNITARIA
651 4 _aArgentina
700 1 _aRomero, Luis Alberto
700 1 _aMontes, Graciela
_ecolaborador
700 1 _aSchlaen, Carlos
_eilustrador
800 1 _aBertoni, Lilia Ana
800 1 _aRomero, Luis Alberto
_edirector
942 _cBK
998 _cenrique
999 _c7270
_d7270